000 01035nam a22002655i 4500
001 166049
003 ES-MaACL
005 20250914145940.0
008 991021q18901900sp |||| | spa d
040 _aM-RAJU
_bspa
_cM-RAJU
_dCCPB | B
100 1 _aTarde, Gabriel de,
_d1843-1904
_9133127
245 1 4 _aLas transformaciones del derecho /
_cpor G. Tarde ; traducción, prólogo y ciento veinte notas por Adolfo Posada.
260 _aMadrid :
_bLa España Moderna,
_c[s.a.]
300 _a325 p. ;
_c23 cm.
490 1 _aBiblioteca de Jurisprudencia, Filosofía e Historia
596 1 _aEl ed. ejerce ca. 1890-1900.
650 7 _aDerecho-
_vHistoria
_2
_9157402
650 4 _aDerecho-
_xFilosofía
_911620
700 1 1 _aPosada, Adolfo,
_d1860-1944
_etrad.
_993316
752 _aEspaña -
_dMadrid
830 0 0 _aBiblioteca de jurisprudencia, filosofía e historia
_9180691
852 _aES-MaACL
_jF-14901
_z-- Enc. hol.
_x-- Completar T260: (Imp. de Agustin Avrial)
999 _c166049
_d166049